[Event "2023 US National Elementary K-6 Championship"]
[Site "Baltimore, Maryland, United States"]
[Date "2023.05.12"]
[Round "2.4"]
[White "Luo, Wesley"]
[Black "Zhu, Andrew"]
[Result "1-0"]
[TimeControl "G/90; d10"]
[WhiteElo "2081"]
[BlackElo "1630"]

1. e4 {[%clk 01:29:57]} {[%emt 00:00:21]} c6 {[%clk 01:30:00]} 2. d4 {[%clk
01:29:57]} {[%emt 00:00:09]} d5 {[%clk 01:29:57]} {[%emt 00:00:11]} 3. e5
{[%clk 01:29:57]} c5 {[%clk 01:29:41]} {[%emt 00:00:56]} 4. dxc5 {[%clk
01:29:57]} e6 {[%clk 01:29:23]} {[%emt 00:00:07]} 5. a3 {[%clk 01:29:57]}
{[%emt 00:00:04]} Bxc5 {[%clk 01:28:38]} {[%emt 00:00:46]} 6. Qg4 {[%clk
01:29:38]} {[%emt 00:00:40]} Bf8 {[%clk 01:19:56]} {[%emt 00:08:50]} 7. Nf3
{[%clk 01:27:37]} {[%emt 00:02:05]} h6 {[%clk 01:17:19]} {[%emt 00:02:55]} 8.
Bd3 {[%clk 01:26:27]} {[%emt 00:01:07]} Nc6 {[%clk 01:15:52]} {[%emt 00:01:39]}
9. O-O {[%clk 01:25:17]} {[%emt 00:01:46]} Nge7 {[%clk 01:13:20]} {[%emt
00:02:17]} 10. Nc3 {[%clk 01:24:33]} {[%emt 00:01:06]} a6 {[%clk 01:10:42]}
{[%emt 00:02:38]} 11. Be3 {[%clk 01:23:49]} {[%emt 00:01:11]} b5 {[%clk
01:08:42]} {[%emt 00:01:50]} 12. Bc5 {[%clk 01:23:00]} {[%emt 00:00:59]} Bb7
{[%clk 01:03:01]} {[%emt 00:05:52]} 13. b4 {[%clk 01:21:22]} {[%emt 00:01:54]}
Rc8 {[%clk 01:01:35]} {[%emt 00:01:32]} 14. a4 {[%clk 01:19:09]} {[%emt
00:02:22]} bxa4 {[%clk 00:59:27]} {[%emt 00:02:17]} 15. Nxa4 {[%clk 01:18:45]}
{[%emt 00:00:35]} g5 {[%clk 00:49:54]} {[%emt 00:09:49]} 16. Bb6 {[%clk
01:18:09]} {[%emt 00:00:52]} Rc7 {[%clk 00:48:01]} {[%emt 00:01:51]} 17. Nc5
{[%clk 01:17:49]} {[%emt 00:00:26]} Qc8 {[%clk 00:46:25]} {[%emt 00:01:52]} 18.
Bxc7 {[%clk 01:17:49]} {[%emt 00:00:05]} Qxc7 {[%clk 00:46:25]} {[%emt
00:00:03]} 19. Nxb7 {[%clk 01:17:21]} {[%emt 00:00:35]} Qxb7 {[%clk 00:46:25]}
{[%emt 00:00:13]} 20. Bxa6 {[%clk 01:17:21]} {[%emt 00:00:04]} Qxb4 {[%clk
00:45:41]} {[%emt 00:00:57]} 21. Qxb4 {[%clk 01:17:21]} {[%emt 00:00:11]} Nxb4
{[%clk 00:45:40]} 22. Bb5+ {[%clk 01:17:21]} {[%emt 00:00:04]} Kd8 {[%clk
00:43:57]} {[%emt 00:01:50]} 23. Rfb1 {[%clk 01:16:57]} {[%emt 00:00:34]} Nxc2
{[%clk 00:43:13]} {[%emt 00:00:53]} 24. Ra8+ {[%clk 01:16:57]} {[%emt
00:00:21]} Kc7 {[%clk 00:42:50]} {[%emt 00:00:20]} 25. Rc1 {[%clk 01:16:37]}
{[%emt 00:00:33]} Kb7 {[%clk 00:41:05]} {[%emt 00:01:45]} 26. Ra4 {[%clk
01:16:37]} {[%emt 00:00:33]} g4 {[%clk 00:34:30]} {[%emt 00:06:25]} 27. Nd2
{[%clk 01:15:56]} {[%emt 00:00:52]} Kb6 {[%clk 00:33:13]} {[%emt 00:01:53]} 28.
Be2 {[%clk 01:15:21]} {[%emt 00:00:20]} Na3 {[%clk 00:30:31]} {[%emt 00:03:04]}
29. Rxa3 {[%clk 01:15:03]} {[%emt 00:00:23]} Ng6 {[%clk 00:30:28]} {[%emt
00:00:06]} 30. Rb3+ {[%clk 01:14:58]} {[%emt 00:00:18]} Bb4 {[%clk 00:30:08]}
{[%emt 00:00:24]} 31. Rxb4+ {[%clk 01:14:53]} {[%emt 00:00:18]} Ka5 {[%clk
00:30:08]} {[%emt 00:00:04]} 32. Rb5+ {[%clk 01:14:53]} {[%emt 00:00:05]} Ka6
{[%clk 00:30:08]} {[%emt 00:00:10]} 33. Ra1# {[%clk 01:14:33]} {[%emt
00:00:27]} 1-0

[Event "2023 US National Elementary K-6 Championship"]
[Site "Baltimore, Maryland, United States"]
[Date "2023.05.12"]
[Round "2.18"]
[White "Wang, Ted"]
[Black "Liu, Caden"]
[Result "1-0"]
[TimeControl "G/90; d10"]
[WhiteElo "1900"]
[BlackElo "1356"]

1. e4 {[%clk 01:30:00]} c6 {[%clk 01:30:00]} {[%emt 00:00:08]} 2. d4 {[%clk
01:29:57]} {[%emt 00:00:13]} d5 {[%clk 01:30:00]} {[%emt 00:00:25]} 3. Nc3
{[%clk 01:29:55]} e6 {[%clk 01:29:13]} {[%emt 00:01:15]} 4. Nf3 {[%clk
01:29:02]} {[%emt 00:00:36]} Bb4 {[%clk 01:29:01]} {[%emt 00:00:23]} 5. Bd3
{[%clk 01:27:04]} {[%emt 00:02:23]} dxe4 {[%clk 01:28:37]} {[%emt 00:00:19]} 6.
Bxe4 {[%clk 01:26:20]} {[%emt 00:01:19]} Nf6 {[%clk 01:28:09]} {[%emt
00:00:12]} 7. Bd3 {[%clk 01:26:20]} {[%emt 00:00:46]} O-O {[%clk 01:27:39]} 8.
O-O {[%clk 01:26:20]} {[%emt 00:00:04]} Bxc3 {[%clk 01:27:13]} {[%emt
00:00:32]} 9. bxc3 {[%clk 01:26:20]} {[%emt 00:01:00]} Nbd7 {[%clk 01:26:44]}
10. Ba3 {[%clk 01:24:45]} {[%emt 00:01:28]} Re8 {[%clk 01:26:38]} {[%emt
00:00:17]} 11. Re1 {[%clk 01:22:40]} {[%emt 00:02:15]} Qc7 {[%clk 01:23:43]}
{[%emt 00:03:04]} 12. Ne5 {[%clk 01:18:36]} {[%emt 00:04:14]} Nxe5 {[%clk
01:22:30]} {[%emt 00:01:26]} 13. dxe5 {[%clk 01:18:27]} {[%emt 00:00:29]} Nd7
{[%clk 01:21:50]} {[%emt 00:00:50]} 14. Bd6 {[%clk 01:17:23]} {[%emt 00:01:01]}
Qd8 {[%clk 01:21:27]} {[%emt 00:00:34]} 15. Re3 {[%clk 01:10:17]} {[%emt
00:07:18]} Nf8 {[%clk 01:19:06]} {[%emt 00:02:54]} 16. Qh5 {[%clk 01:08:11]}
{[%emt 00:01:50]} Ng6 {[%clk 01:19:05]} {[%emt 00:00:46]} 17. Rh3 {[%clk
01:06:49]} {[%emt 00:00:52]} h6 {[%clk 01:18:40]} {[%emt 00:00:43]} 18. Bxg6
{[%clk 01:06:47]} {[%emt 00:00:13]} fxg6 {[%clk 01:17:47]} {[%emt 00:01:01]} 19.
Qxg6 {[%clk 01:06:45]} {[%emt 00:00:30]} Kh8 {[%clk 01:12:40]} {[%emt
00:05:13]} 20. Re1 {[%clk 01:06:18]} {[%emt 00:00:18]} c5 {[%clk 01:11:34]}
{[%emt 00:01:26]} 21. Ree3 {[%clk 01:06:05]} {[%emt 00:00:38]} Re7 {[%clk
01:11:16]} {[%emt 00:00:07]} 22. Rd3 {[%clk 01:02:18]} {[%emt 00:04:14]} Rd7
{[%clk 01:11:16]} 23. Rhf3 {[%clk 01:01:39]} {[%emt 00:00:43]} Rxd6 {[%clk
01:09:45]} {[%emt 00:01:39]} 24. Rxd6 {[%clk 01:01:39]} {[%emt 00:00:28]} Qg8
{[%clk 01:09:35]} {[%emt 00:00:09]} 25. Rf7 {[%clk 01:01:14]} {[%emt 00:00:19]}
a5 {[%clk 01:08:29]} {[%emt 00:01:31]} 26. Rd8 {[%clk 01:00:36]} {[%emt
00:00:41]} 1-0

[Event "2023 US National Elementary K-6 Championship"]
[Site "Baltimore, Maryland, United States"]
[Date "2023.05.12"]
[Round "2.13"]
[White "Mansurov, Yusuf"]
[Black "Sridhar, Jagadeeshwar"]
[Result "1-0"]
[TimeControl "G/90; d10"]
[WhiteElo "2045"]
[BlackElo "1593"]

1. e4 {[%clk 01:30:00]} c5 {[%clk 01:30:00]} {[%emt 00:00:06]} 2. c3 {[%clk
01:30:00]} {[%emt 00:00:07]} Nf6 {[%clk 01:30:00]} {[%emt 00:00:04]} 3. e5
{[%clk 01:30:00]} {[%emt 00:00:04]} Nd5 {[%clk 01:30:00]} {[%emt 00:00:04]} 4.
d4 {[%clk 01:30:00]} {[%emt 00:00:06]} cxd4 {[%clk 01:30:00]} {[%emt 00:00:05]}
5. cxd4 {[%clk 01:30:00]} {[%emt 00:00:03]} d6 {[%clk 01:29:35]} {[%emt
00:00:36]} 6. Nf3 {[%clk 01:30:00]} {[%emt 00:00:08]} Nc6 {[%clk 01:29:35]}
{[%emt 00:00:06]} 7. Bc4 {[%clk 01:30:00]} {[%emt 00:00:04]} Nb6 {[%clk
01:29:35]} {[%emt 00:00:07]} 8. Bb5 {[%clk 01:30:00]} {[%emt 00:00:05]} a6
{[%clk 01:27:51]} {[%emt 00:01:53]} 9. Bxc6+ {[%clk 01:30:00]} {[%emt
00:00:06]} bxc6 {[%clk 01:27:51]} {[%emt 00:00:04]} 10. O-O {[%clk 01:29:29]}
{[%emt 00:00:40]} e6 {[%clk 01:24:57]} {[%emt 00:03:05]} 11. Nc3 {[%clk
01:26:53]} {[%emt 00:02:46]} d5 {[%clk 01:24:48]} {[%emt 00:00:20]} 12. Be3
{[%clk 01:16:24]} {[%emt 00:10:39]} Be7 {[%clk 01:23:13]} {[%emt 00:01:44]} 13.
Rc1 {[%clk 01:10:37]} {[%emt 00:05:57]} O-O {[%clk 01:21:00]} {[%emt 00:02:23]}
14. Nd2 {[%clk 01:07:53]} {[%emt 00:02:54]} Bd7 {[%clk 01:19:03]} {[%emt
00:02:06]} 15. f4 {[%clk 01:06:42]} {[%emt 00:01:22]} Qc8 {[%clk 00:54:54]}
{[%emt 00:24:19]} 16. Ne2 {[%clk 01:01:25]} {[%emt 00:05:25]} a5 {[%clk
00:53:18]} {[%emt 00:01:47]} 17. g4 {[%clk 00:59:44]} {[%emt 00:01:51]} Qa6
{[%clk 00:52:26]} {[%emt 00:01:02]} 18. f5 {[%clk 00:58:02]} {[%emt 00:01:52]}
Rfe8 {[%clk 00:47:03]} {[%emt 00:05:33]} 19. f6 {[%clk 00:51:04]} {[%emt
00:07:08]} Bf8 {[%clk 00:45:34]} {[%emt 00:01:39]} 20. fxg7 {[%clk 00:49:50]}
{[%emt 00:01:25]} Bxg7 {[%clk 00:45:28]} {[%emt 00:00:15]} 21. Qe1 {[%clk
00:48:52]} {[%emt 00:01:09]} Rf8 {[%clk 00:37:40]} {[%emt 00:07:57]} 22. Bg5
{[%clk 00:45:02]} {[%emt 00:04:00]} Qd3 {[%clk 00:36:12]} {[%emt 00:01:39]} 23.
Rc3 {[%clk 00:44:14]} {[%emt 00:00:57]} Qg6 {[%clk 00:34:48]} {[%emt 00:01:34]}
24. Bf6 {[%clk 00:44:11]} {[%emt 00:00:13]} Bxf6 {[%clk 00:32:00]} {[%emt
00:02:58]} 25. Rxf6 {[%clk 00:43:30]} {[%emt 00:00:51]} Qg7 {[%clk 00:31:55]}
{[%emt 00:00:15]} 26. Qh4 {[%clk 00:42:29]} {[%emt 00:01:10]} Kh8 {[%clk
00:30:50]} {[%emt 00:01:16]} 27. Rh3 {[%clk 00:42:28]} {[%emt 00:00:10]} Rg8
{[%clk 00:30:50]} {[%emt 00:00:09]} 28. Kh1 {[%clk 00:42:20]} {[%emt 00:00:17]}
Rge8 {[%clk 00:28:25]} {[%emt 00:02:36]} 29. Rh6 {[%clk 00:42:03]} {[%emt
00:00:26]} Kg8 {[%clk 00:28:04]} {[%emt 00:00:31]} 30. Rxh7 {[%clk 00:42:03]}
{[%emt 00:00:07]} Qg6 {[%clk 00:28:01]} {[%emt 00:00:13]} 31. Qf6 {[%clk
00:41:44]} {[%emt 00:00:29]} Qxh7 {[%clk 00:27:29]} {[%emt 00:00:43]} 32. Rxh7
{[%clk 00:41:43]} {[%emt 00:00:11]} Kxh7 {[%clk 00:27:29]} {[%emt 00:00:04]} 33.
Qxf7+ {[%clk 00:41:24]} {[%emt 00:00:29]} Kh8 {[%clk 00:26:24]} {[%emt
00:01:14]} 34. Nf4 {[%clk 00:41:24]} {[%emt 00:00:09]} Rg8 {[%clk 00:26:12]}
{[%emt 00:00:21]} 35. Ng6+ {[%clk 00:41:24]} {[%emt 00:00:04]} Rxg6 {[%clk
00:26:12]} {[%emt 00:00:09]} 36. Qxg6 {[%clk 00:41:24]} {[%emt 00:00:03]} Rc8
{[%clk 00:26:02]} {[%emt 00:00:19]} 37. Nf3 {[%clk 00:41:24]} {[%emt 00:00:09]}
1-0

[Event "2023 US National Elementary K-6 Championship"]
[Site "Baltimore, Maryland, United States"]
[Date "2023.05.12"]
[Round "2.15"]
[White "Saddi, Neevan"]
[Black "Yue, Tariq"]
[Result "0-1"]
[TimeControl "G/90; d10"]
[WhiteElo "1358"]
[BlackElo "2041"]

1. d4 {[%clk 01:30:00]} {[%emt 00:00:06]} Nf6 {[%clk 01:30:00]} {[%emt
00:00:08]} 2. c4 {[%clk 01:30:00]} {[%emt 00:00:11]} g6 {[%clk 01:30:00]}
{[%emt 00:00:07]} 3. g3 {[%clk 01:29:58]} {[%emt 00:00:12]} Bg7 {[%clk
01:30:00]} {[%emt 00:00:09]} 4. Bg2 {[%clk 01:29:58]} {[%emt 00:00:07]} O-O
{[%clk 01:30:00]} {[%emt 00:00:06]} 5. Nc3 {[%clk 01:29:58]} {[%emt 00:00:04]}
d6 {[%clk 01:29:49]} {[%emt 00:00:21]} 6. Nf3 {[%clk 01:29:57]} {[%emt
00:00:10]} Nc6 {[%clk 01:29:23]} {[%emt 00:00:37]} 7. O-O {[%clk 01:29:43]}
{[%emt 00:00:24]} e5 {[%clk 01:28:27]} {[%emt 00:01:06]} 8. dxe5 {[%clk
01:28:55]} {[%emt 00:00:58]} dxe5 {[%clk 01:27:42]} {[%emt 00:00:54]} 9. Nd5
{[%clk 01:28:21]} {[%emt 00:00:44]} Nxd5 {[%clk 01:26:50]} {[%emt 00:01:01]} 10.
cxd5 {[%clk 01:28:21]} {[%emt 00:00:09]} Ne7 {[%clk 01:26:01]} {[%emt
00:00:58]} 11. e4 {[%clk 01:27:59]} {[%emt 00:00:32]} f5 {[%clk 01:22:34]}
{[%emt 00:03:37]} 12. Qb3 {[%clk 01:26:27]} {[%emt 00:01:42]} Kh8 {[%clk
01:21:08]} {[%emt 00:01:35]} 13. Ng5 {[%clk 01:25:19]} {[%emt 00:01:19]} h6
{[%clk 01:17:51]} {[%emt 00:03:27]} 14. Ne6 {[%emt 00:00:48]} Bxe6 {[%clk
01:17:50]} {[%emt 00:00:02]} 15. dxe6 {[%clk 01:24:51]} {[%emt 00:00:05]} f4
{[%clk 01:08:52]} {[%emt 00:09:08]} 16. Rd1 {[%clk 01:23:29]} {[%emt 00:01:33]}
Qc8 {[%clk 01:08:03]} {[%emt 00:00:58]} 17. Rd7 {[%clk 01:23:13]} {[%emt
00:00:25]} Nc6 {[%clk 01:06:45]} {[%emt 00:01:29]} 18. Bh3 {[%clk 01:22:44]}
{[%emt 00:00:39]} fxg3 {[%clk 00:57:55]} {[%emt 00:09:01]} 19. Qxg3 {[%clk
01:22:27]} {[%emt 00:00:25]} Qe8 {[%clk 00:54:23]} {[%emt 00:03:42]} 20. Qh4
{[%clk 01:21:40]} {[%emt 00:00:57]} g5 {[%clk 00:49:55]} {[%emt 00:04:37]} 21.
Bxg5 {[%clk 01:21:30]} {[%emt 00:00:20]} Qg6 {[%clk 00:49:55]} {[%emt
00:00:11]} 22. Rxg7 {[%clk 01:16:37]} {[%emt 00:05:03]} Kxg7 {[%clk 00:49:37]}
{[%emt 00:00:28]} 23. Kh1 {[%clk 01:15:35]} {[%emt 00:01:12]} hxg5 {[%clk
00:49:10]} {[%emt 00:00:37]} 24. Qg3 {[%clk 01:15:07]} {[%emt 00:00:39]} Qxe4+
{[%clk 00:48:14]} {[%emt 00:01:06]} 25. Kg1 {[%clk 01:15:07]} {[%emt 00:00:06]}
Qf4 {[%clk 00:47:05]} {[%emt 00:01:19]} 26. Qg2 {[%clk 01:14:40]} {[%emt
00:00:37]} Rad8 {[%clk 00:45:55]} {[%emt 00:01:20]} 27. b4 {[%clk 01:14:01]}
{[%emt 00:00:48]} Rd2 {[%clk 00:45:06]} {[%emt 00:00:58]} 28. Rf1 {[%clk
01:13:20]} {[%emt 00:00:41]} e4 {[%clk 00:44:08]} {[%emt 00:01:18]} 29. b5
{[%clk 01:10:38]} {[%emt 00:02:50]} Ne7 {[%clk 00:43:57]} {[%emt 00:00:22]} 30.
Bg4 {[%clk 01:09:35]} {[%emt 00:01:12]} e3 {[%clk 00:43:43]} {[%emt 00:00:26]}
31. h3 {[%clk 01:09:11]} {[%emt 00:00:34]} Rxf2 {[%clk 00:43:33]} {[%emt
00:00:20]} 0-1

[Event "2023 US National Elementary K-6 Championship"]
[Site "Baltimore, Maryland, United States"]
[Date "2023.05.12"]
[Round "2.1"]
[White "Pimanoff, Theodore"]
[Black "Yan, Nathan"]
[Result "0-1"]
[TimeControl "G/90; d10"]
[WhiteElo "1643"]
[BlackElo "2213"]

1. e4 {[%clk 01:30:00]} {[%emt 00:00:27]} e5 {[%clk 01:30:00]} 2. Nf3 {[%clk
01:30:00]} Nc6 {[%clk 01:30:00]} 3. Bc4 {[%clk 01:30:00]} {[%emt 00:00:19]} Bc5
{[%clk 01:30:00]} 4. d3 {[%clk 01:30:00]} {[%emt 00:00:03]} Nf6 {[%clk
01:29:53]} {[%emt 00:00:25]} 5. O-O {[%emt 00:00:48]} d6 {[%clk 01:29:24]} 6.
c3 {[%clk 01:29:46]} {[%emt 00:00:14]} O-O {[%clk 01:29:24]} {[%emt 00:00:38]}
7. Bb3 {[%clk 01:29:14]} {[%emt 00:00:12]} h6 {[%clk 01:29:19]} {[%emt
00:00:53]} 8. h3 {[%clk 01:29:14]} Be6 {[%clk 01:29:07]} {[%emt 00:00:03]} 9.
Re1 {[%clk 01:28:20]} {[%emt 00:00:52]} d5 {[%clk 01:26:24]} {[%emt 00:02:53]}
10. exd5 {[%clk 01:24:25]} {[%emt 00:04:06]} Nxd5 {[%clk 01:25:58]} {[%emt
00:00:41]} 11. Bc2 {[%clk 01:16:59]} {[%emt 00:07:30]} Bd6 {[%clk 01:17:05]}
{[%emt 00:09:03]} 12. Nbd2 {[%clk 01:14:50]} {[%emt 00:02:18]} f5 {[%clk
01:15:37]} {[%emt 00:01:38]} 13. Nc4 {[%clk 01:11:58]} {[%emt 00:03:02]} Qf6
{[%clk 01:15:37]} {[%emt 00:00:08]} 14. Qe2 {[%clk 01:09:29]} {[%emt 00:02:38]}
Rae8 {[%clk 01:15:10]} {[%emt 00:00:43]} 15. Bd2 {[%clk 01:03:25]} {[%emt
00:06:09]} Bf7 {[%clk 01:10:02]} {[%emt 00:05:17]} 16. a4 {[%clk 00:57:59]}
{[%emt 00:05:37]} Kh8 {[%clk 01:08:41]} {[%emt 00:01:30]} 17. Rad1 {[%clk
00:54:07]} {[%emt 00:04:02]} Bh5 {[%clk 01:07:30]} {[%emt 00:01:23]} 18. Kh1
{[%clk 00:49:59]} {[%emt 00:04:16]} Bg6 {[%clk 00:53:10]} {[%emt 00:14:30]} 19.
Be3 {[%clk 00:45:53]} {[%emt 00:04:18]} e4 {[%clk 00:47:05]} {[%emt 00:06:15]}
20. dxe4 {[%clk 00:36:40]} {[%emt 00:09:30]} fxe4 {[%clk 00:46:22]} {[%emt
00:00:46]} 21. Nh4 {[%clk 00:35:17]} {[%emt 00:01:30]} Qxh4 {[%clk 00:35:18]}
{[%emt 00:11:14]} 22. Rxd5 {[%clk 00:33:20]} {[%emt 00:02:07]} Bf4 {[%clk
00:34:05]} {[%emt 00:01:26]} 23. Rf1 {[%clk 00:29:25]} {[%emt 00:04:06]} Ne7
{[%clk 00:28:41]} {[%emt 00:05:40]} 24. Rd2 {[%clk 00:25:26]} {[%emt 00:03:58]}
Bh5 {[%clk 00:28:23]} {[%emt 00:00:30]} 25. Qe1 {[%clk 00:24:53]} {[%emt
00:01:14]} Bf3 {[%clk 00:26:45]} {[%emt 00:01:13]} 26. Bxf4 {[%clk 00:23:53]}
{[%emt 00:01:13]} Qxh3+ {[%clk 00:26:00]} {[%emt 00:00:51]} 27. Be3 {[%emt
00:01:27]} 0-1

[Event "2023 US National Elementary K-6 Championship"]
[Site "Baltimore, Maryland, United States"]
[Date "2023.05.12"]
[Round "2.5"]
[White "Ma, Jin"]
[Black "Cherukuri, Nitesh"]
[Result "1/2-1/2"]
[TimeControl "G/90; d10"]
[WhiteElo "1626"]
[BlackElo "2053"]

1. e4 {[%clk 01:30:00]} {[%emt 00:00:08]} c6 {[%clk 01:29:38]} {[%emt
00:00:21]} 2. d4 {[%clk 01:30:00]} {[%emt 00:00:16]} d5 {[%clk 01:29:38]}
{[%emt 00:00:24]} 3. exd5 {[%clk 01:30:00]} cxd5 {[%clk 01:29:38]} 4. Bd3
{[%clk 01:29:53]} Nc6 {[%clk 01:29:38]} {[%emt 00:00:11]} 5. c3 {[%clk
01:29:53]} Nf6 {[%clk 01:29:38]} {[%emt 00:00:10]} 6. h3 {[%clk 01:29:53]}
{[%emt 00:00:09]} g6 {[%clk 01:29:28]} {[%emt 00:00:07]} 7. Nf3 {[%clk
01:29:53]} {[%emt 00:00:12]} Bf5 {[%clk 01:29:28]} {[%emt 00:00:09]} 8. O-O
{[%clk 01:29:32]} {[%emt 00:00:26]} e6 {[%clk 01:29:19]} {[%emt 00:00:22]} 9.
Re1 {[%clk 01:29:03]} {[%emt 00:00:51]} Bd6 {[%clk 01:27:20]} {[%emt 00:02:03]}
10. Qc2 {[%clk 01:27:40]} {[%emt 00:01:29]} Bxd3 {[%clk 01:26:11]} {[%emt
00:01:15]} 11. Qxd3 {[%clk 01:27:33]} {[%emt 00:00:48]} Qc7 {[%clk 01:23:13]}
{[%emt 00:02:37]} 12. Bg5 {[%clk 01:23:34]} {[%emt 00:04:10]} Nd7 {[%clk
01:20:41]} {[%emt 00:02:42]} 13. Nbd2 {[%clk 01:19:53]} {[%emt 00:03:50]} O-O
{[%clk 01:15:03]} {[%emt 00:05:48]} 14. Nf1 {[%clk 01:13:57]} {[%emt 00:06:06]}
Rfe8 {[%clk 01:06:34]} {[%emt 00:08:47]} 15. Ne3 {[%clk 01:12:52]} {[%emt
00:01:04]} Bf8 {[%clk 01:03:28]} {[%emt 00:03:20]} 16. Ng4 {[%clk 01:10:07]}
{[%emt 00:02:56]} Bg7 {[%clk 01:02:36]} {[%emt 00:01:05]} 17. Qd2 {[%clk
01:08:34]} {[%emt 00:01:35]} h5 {[%clk 01:00:46]} {[%emt 00:02:01]} 18. Nh6+
{[%clk 01:01:39]} {[%emt 00:07:04]} Kf8 {[%clk 01:00:17]} {[%emt 00:00:39]} 19.
Bf4 {[%clk 00:59:02]} {[%emt 00:02:46]} Qb6 {[%clk 00:52:59]} {[%emt 00:07:29]}
20. Bd6+ {[%clk 00:41:13]} {[%emt 00:18:00]} Ne7 {[%clk 00:52:50]} {[%emt
00:00:18]} 21. Qf4 {[%clk 00:38:07]} {[%emt 00:03:19]} Bxh6 {[%clk 00:51:18]}
{[%emt 00:01:38]} 22. Qxh6+ {[%clk 00:37:46]} {[%emt 00:00:34]} Kg8 {[%clk
00:51:10]} {[%emt 00:00:18]} 1/2-1/2

[Event "2023 US National Elementary K-6 Championship"]
[Site "Baltimore, Maryland, United States"]
[Date "2023.05.12"]
[Round "2.9"]
[White "Guo, Ethan"]
[Black "Kaidash, Platon"]
[Result "1-0"]
[TimeControl "G/90; d10"]
[WhiteElo "2103"]
[BlackElo "1616"]

1. e4 {[%clk 01:30:00]} Nf6 {[%clk 01:29:56]} {[%emt 00:00:15]} 2. e5 {[%clk
01:30:00]} {[%emt 00:00:09]} Nd5 {[%clk 01:29:56]} {[%emt 00:00:04]} 3. d4
{[%clk 01:30:00]} {[%emt 00:00:08]} d6 {[%clk 01:29:56]} {[%emt 00:00:02]} 4.
c4 {[%clk 01:30:00]} {[%emt 00:00:07]} Nb6 {[%clk 01:29:56]} {[%emt 00:00:07]}
5. exd6 {[%clk 01:30:00]} {[%emt 00:00:05]} exd6 {[%clk 01:29:56]} {[%emt
00:00:06]} 6. Nf3 {[%clk 01:30:00]} {[%emt 00:00:08]} Bg4 {[%clk 01:29:40]}
{[%emt 00:00:27]} 7. Be2 {[%clk 01:29:36]} {[%emt 00:00:34]} Nc6 {[%clk
01:29:13]} {[%emt 00:00:37]} 8. O-O {[%clk 01:28:30]} {[%emt 00:01:16]} g6
{[%clk 01:27:39]} {[%emt 00:01:44]} 9. h3 {[%clk 01:28:25]} {[%emt 00:00:15]}
Bf5 {[%clk 01:27:28]} {[%emt 00:00:20]} 10. Re1 {[%clk 01:27:50]} {[%emt
00:00:46]} Be7 {[%clk 01:26:39]} {[%emt 00:00:59]} 11. Bh6 {[%clk 01:24:25]}
{[%emt 00:03:35]} Qd7 {[%clk 01:25:27]} {[%emt 00:01:23]} 12. d5 {[%clk
01:20:54]} {[%emt 00:03:41]} Nb4 {[%emt 00:00:37]} 13. Nd4 {[%emt 00:00:16]}
O-O-O {[%clk 01:23:47]} {[%emt 00:00:52]} 14. a3 {[%clk 01:20:15]} {[%emt
00:00:53]} Na6 {[%clk 01:23:47]} {[%emt 00:00:05]} 15. Nc3 {[%clk 01:19:47]}
{[%emt 00:00:37]} Bf6 {[%clk 01:23:24]} {[%emt 00:00:33]} 16. b4 {[%clk
01:13:35]} {[%emt 00:06:22]} Be5 {[%clk 01:19:18]} {[%emt 00:04:16]} 17. Rc1
{[%clk 01:08:43]} {[%emt 00:05:02]} Bxh3 {[%clk 01:17:40]} {[%emt 00:01:48]} 18.
gxh3 {[%emt 00:00:36]} Qe7 {[%clk 01:17:00]} {[%emt 00:00:21]} 19. Nf3 {[%clk
01:07:07]} {[%emt 00:01:45]} f6 {[%clk 01:16:22]} {[%emt 00:00:49]} 20. Nxe5
{[%clk 01:06:02]} {[%emt 00:01:15]} fxe5 {[%clk 01:15:39]} {[%emt 00:00:52]} 21.
Qd2 {[%clk 01:04:02]} {[%emt 00:02:11]} Rde8 {[%clk 01:14:33]} {[%emt
00:01:13]} 22. Ne4 {[%clk 01:03:25]} {[%emt 00:00:50]} Kb8 {[%clk 01:13:30]}
{[%emt 00:01:13]} 23. c5 {[%clk 01:01:05]} {[%emt 00:02:30]} Qh4 {[%clk
01:12:14]} {[%emt 00:01:25]} 24. Bxa6 {[%clk 00:59:45]} {[%emt 00:01:32]} bxa6
{[%clk 01:11:36]} {[%emt 00:00:48]} 25. cxb6 {[%clk 00:59:29]} {[%emt
00:00:26]} axb6 {[%clk 01:10:10]} {[%emt 00:01:36]} 26. Qe3 {[%emt 00:03:54]}
1-0